000 00686nam a2200217 i 4500
001 84048
003 ES-MaACL
005 20230906174933.0
007 t|
008 041119s1911 xxu ||||1| eng d
100 1 _aIwill, M. J.
_965672
245 1 0 _aPaintings in oil and pastel /
_cby M. J. Iwill.
260 _aSt. Louis :
_bCity Art Museum],
_c1911.
300 _aXXVII,13 p. :
_bil. ;
_c22 cm.
490 1 _aSpecial exhibition catalogue ;
_v4
500 _aPrecede al tit.: The City Art Museum St. Louis.
710 2 _aCity Art Museum of St. Louis.
_92840
830 0 _aSpecial exhibition catalogue ;
_v4
_9186645
852 _aES-MaACL
_jT-1235-F-4
999 _c84048
_d84048